Biggest Cities by Country in the Indian Subcontinent - Statistics

General Stats
  • This quiz has been taken 23 times
  • The average score is 12 of 21
Answer Stats
Country Answer % Correct
India Kolkata
100%
India Mumbai
100%
India New Delhi
100%
Sri Lanka Colombo
95%
Bangladesh Dhaka
90%
Pakistan Karachi
90%
Nepal Kathmandu
90%
Pakistan Lahore
90%
Maldives Male
90%
Bangladesh Chittagong
86%
Bhutan Thimphu
86%
Pakistan Faisalabad
71%
Nepal Pokhara
33%
Nepal Lalitpur
14%
Bangladesh Narayanganj
14%
Maldives Hulhumale
10%
Sri Lanka Kaduwela
5%
Bhutan Phuntsholing
5%
Maldives Hithadoo
0%
Sri Lanka Maharagama
0%
Bhutan Tshongdue
0%
No matching quizzes found
Score Distribution
Percent of People with Each Score
Percentile by Number Answered
Your Score History
You have not taken this quiz